[Event "Northumbria Masters Open"]
[Site "Newcastle"]
[Date "2021.08.27"]
[Round "3.9"]
[White "Mosnegutu, Klauss"]
[Black "Merriman, John"]
[Result "0-1"]
[WhiteElo "2235"]
[BlackElo "2245"]
[PlyCount "58"]
[EventDate "2021.08.26"]
[EventType "swiss"]
[EventRounds "9"]
[EventCountry "ENG"]
[SourceTitle "The Week in Chess 1399"]
[Source "Mark Crowther"]
[SourceDate "2021.08.30"]
[SourceVersion "1"]
[SourceVersionDate "2021.08.30"]
[SourceQuality "2"]

1. d4 Nf6 2. c4 e6 3. Bg5 c5 4. d5 exd5 5. cxd5 d6 6. Nc3 g6 7. Qa4+ Nbd7 8.
Ne4 Be7 9. Bxf6 Bxf6 10. Nxd6+ Kf8 11. Nxc8 Bxb2 12. Rb1 Bc3+ 13. Kd1 Rxc8 14.
Kc2 Bf6 15. e4 c4 16. f3 Kg7 17. Ne2 a6 18. Nf4 Nc5 19. Qa3 Qd6 20. Qe3 b5 21.
g3 Na4 22. Bh3 Rc7 23. Ne2 Re8 24. Rhd1 b4 25. Nd4 Nc3 26. Nc6 Nxa2 27. e5 Rxe5
28. Nxe5 Bxe5 29. Rd4 b3+ 0-1

[Event "Northumbria Masters Open"]
[Site "Newcastle"]
[Date "2021.08.27"]
[Round "3.11"]
[White "Bradbury, Neil H"]
[Black "Finn, Peter"]
[Result "1-0"]
[WhiteElo "2297"]
[BlackElo "1981"]
[PlyCount "107"]
[EventDate "2021.08.26"]
[EventType "swiss"]
[EventRounds "9"]
[EventCountry "ENG"]
[SourceTitle "The Week in Chess 1399"]
[Source "Mark Crowther"]
[SourceDate "2021.08.30"]
[SourceVersion "1"]
[SourceVersionDate "2021.08.30"]
[SourceQuality "2"]

1. d4 Nf6 2. c4 e6 3. Nf3 d5 4. g3 Be7 5. Bg2 O-O 6. O-O dxc4 7. Ne5 Nc6 8.
Nxc6 bxc6 9. Na3 Bxa3 10. bxa3 Rb8 11. a4 Qe7 12. Qc2 Rd8 13. Rd1 Ba6 14. Bxc6
Nd5 15. Bb5 Bxb5 16. axb5 Rxb5 17. e4 Nb6 18. a4 Rb3 19. a5 Nc8 20. Qxc4 Rb4
21. Qc3 Rb5 22. Ba3 Qd7 23. Rac1 h6 24. Bc5 a6 25. d5 Re8 26. Bd4 f6 27. dxe6
Qxe6 28. Qxc7 Qxe4 29. Bxf6 Rb7 30. Qc3 gxf6 31. Re1 Qg6 32. Rxe8+ Qxe8 33.
Qxc8 Qxc8 34. Rxc8+ Kg7 35. Ra8 Rb3 36. Rxa6 Ra3 37. Kg2 Kg6 38. Ra8 Kg7 39. g4
Kf7 40. f3 Kg6 41. Kg3 h5 42. gxh5+ Kxh5 43. a6 Kg6 44. h4 Ra5 45. a7 Kg7 46.
Kg4 Ra4+ 47. Kg3 Kh7 48. h5 Ra6 49. Kg4 Ra5 50. h6 Rg5+ 51. Kf4 Ra5 52. Ke4
Re5+ 53. Kd4 Ra5 54. f4 1-0

[Event "Northumbria Masters Open"]
[Site "Newcastle"]
[Date "2021.08.27"]
[Round "3.12"]
[White "Stoica, Savas Marin"]
[Black "Turner, Max N"]
[Result "0-1"]
[WhiteElo "1954"]
[BlackElo "2182"]
[PlyCount "60"]
[EventDate "2021.08.26"]
[EventType "swiss"]
[EventRounds "9"]
[EventCountry "ENG"]
[SourceTitle "The Week in Chess 1399"]
[Source "Mark Crowther"]
[SourceDate "2021.08.30"]
[SourceVersion "1"]
[SourceVersionDate "2021.08.30"]
[SourceQuality "2"]

1. d4 d5 2. c4 e6 3. Nf3 a6 4. cxd5 exd5 5. Nc3 Nf6 6. Bg5 Be7 7. e3 O-O 8. Bd3
c6 9. O-O Re8 10. Qc2 h6 11. Bh4 Nbd7 12. Rab1 Ne4 13. Bxe7 Qxe7 14. Bxe4 dxe4
15. Nd2 Nf6 16. b4 Bf5 17. a4 h5 18. b5 axb5 19. axb5 c5 20. dxc5 Qxc5 21. Rfc1
Rac8 22. Qb2 Qd6 23. Ne2 Ng4 24. Nf1 Rcd8 25. Nd4 Bg6 26. Qc3 Qf6 27. Qd2 h4
28. h3 Ne5 29. Rc7 Nf3+ 30. Nxf3 exf3 0-1

[Event "Northumbria Masters Open"]
[Site "Newcastle"]
[Date "2021.08.27"]
[Round "3.13"]
[White "Rathbone-Jones, Ifan"]
[Black "Guthrie, David"]
[Result "1/2-1/2"]
[WhiteElo "1941"]
[BlackElo "2165"]
[PlyCount "84"]
[EventDate "2021.08.26"]
[EventType "swiss"]
[EventRounds "9"]
[EventCountry "ENG"]
[SourceTitle "The Week in Chess 1399"]
[Source "Mark Crowther"]
[SourceDate "2021.08.30"]
[SourceVersion "1"]
[SourceVersionDate "2021.08.30"]
[SourceQuality "2"]

1. d4 Nf6 2. Bf4 e6 3. Nf3 b6 4. e3 Bb7 5. Nbd2 Be7 6. Bd3 O-O 7. e4 c5 8. c3
cxd4 9. cxd4 Ba6 10. Bxa6 Nxa6 11. Qe2 Nb4 12. O-O d5 13. e5 Nh5 14. Be3 g6 15.
Rfc1 Qd7 16. g4 Ng7 17. Bh6 Rfc8 18. a3 Nc6 19. b4 Rc7 20. Qe3 Rac8 21. Nf1 Nd8
22. Ng3 Rxc1+ 23. Rxc1 Rxc1+ 24. Qxc1 Qc6 25. Qxc6 Nxc6 26. Bd2 b5 27. Ne2 Ne8
28. Ne1 Ng7 29. Nf3 Ne8 30. Ne1 Nc7 31. Nc2 Na8 32. Nc3 a6 33. Nd1 Nb6 34. Nb2
f6 35. f4 f5 36. g5 Bd8 37. Bc3 Kf7 38. Kf2 Nc4 39. Ke2 Bb6 40. Nd3 Ke7 41. Nb2
Nxb2 42. Bxb2 Kd7 1/2-1/2

[Event "Northumbria Masters Open"]
[Site "Newcastle"]
[Date "2021.08.27"]
[Round "3.14"]
[White "Villiers, Thomas"]
[Black "Skettos, Nicolas"]
[Result "1-0"]
[WhiteElo "2165"]
[BlackElo "1862"]
[PlyCount "89"]
[EventDate "2021.08.26"]
[EventType "swiss"]
[EventRounds "9"]
[EventCountry "ENG"]
[SourceTitle "The Week in Chess 1399"]
[Source "Mark Crowther"]
[SourceDate "2021.08.30"]
[SourceVersion "1"]
[SourceVersionDate "2021.08.30"]
[SourceQuality "2"]

1. Nf3 d5 2. d4 Nf6 3. Bg5 Ne4 4. Bf4 c5 5. e3 Nc6 6. Nbd2 Bg4 7. Be2 e6 8. c3
Bd6 9. Bxd6 Qxd6 10. Nxe4 dxe4 11. Nd2 Bxe2 12. Qxe2 f5 13. Nc4 Qe7 14. dxc5
Qxc5 15. b4 Qe7 16. b5 Nd8 17. O-O O-O 18. Rfd1 Qc5 19. Nd6 Qxc3 20. Rac1 Qf6
21. Rc7 b6 22. Qc4 Nf7 23. Nxf7 Rxf7 24. g3 h6 25. Rdd7 Rxd7 26. Rxd7 Kh7 27.
Kg2 Qg6 28. Qc6 Qe8 29. Qb7 Qf8 30. Rxg7+ Qxg7 31. Qxa8 Qd7 32. h4 Kg6 33. Qg8+
Kf6 34. a4 Qg7 35. Qd8+ Kg6 36. Qd6 Qf7 37. Qf4 Qe7 38. g4 Qf6 39. Kg3 e5 40.
h5+ Kg7 41. Qxf5 Qxf5 42. gxf5 Kf7 43. f3 exf3 44. Kxf3 Kf6 45. Ke4 1-0

[Event "Northumbria Masters Open"]
[Site "Newcastle"]
[Date "2021.08.27"]
[Round "3.15"]
[White "Siddharth, Gopakumar"]
[Black "Green, Andrew D"]
[Result "1-0"]
[WhiteElo "1856"]
[BlackElo "2154"]
[PlyCount "77"]
[EventDate "2021.08.26"]
[EventType "swiss"]
[EventRounds "9"]
[EventCountry "ENG"]
[SourceTitle "The Week in Chess 1399"]
[Source "Mark Crowther"]
[SourceDate "2021.08.30"]
[SourceVersion "1"]
[SourceVersionDate "2021.08.30"]
[SourceQuality "2"]

1. e4 c5 2. Nf3 g6 3. d4 cxd4 4. Nxd4 Nc6 5. c4 Nf6 6. Nc3 Nxd4 7. Qxd4 d6 8.
f3 Bg7 9. Be3 O-O 10. Qd2 Be6 11. Rc1 Qa5 12. Bd3 Rfc8 13. b3 a6 14. Nd5 Qxd2+
15. Kxd2 Nxd5 16. exd5 Bd7 17. h4 b5 18. h5 bxc4 19. Bxc4 Bb5 20. Bxb5 axb5 21.
Rxc8+ Rxc8 22. Rc1 Ra8 23. a4 bxa4 24. bxa4 f5 25. Rc4 Ra5 26. Bb6 Rxd5+ 27.
Kc2 Re5 28. Kb3 Re1 29. a5 Rb1+ 30. Ka4 Kf7 31. hxg6+ hxg6 32. Rb4 Ra1+ 33. Kb5
Ke8 34. a6 Kd7 35. a7 Kc8 36. Rc4+ Kb7 37. Rc7+ Ka8 38. Rc8+ Kb7 39. Rb8# 1-0

[Event "Northumbria Masters Open"]
[Site "Newcastle"]
[Date "2021.08.27"]
[Round "3.16"]
[White "Hosdurga, Chirag"]
[Black "Gayson, Peter M"]
[Result "1/2-1/2"]
[WhiteElo "1838"]
[BlackElo "2150"]
[PlyCount "51"]
[EventDate "2021.08.26"]
[EventType "swiss"]
[EventRounds "9"]
[EventCountry "ENG"]
[SourceTitle "The Week in Chess 1399"]
[Source "Mark Crowther"]
[SourceDate "2021.08.30"]
[SourceVersion "1"]
[SourceVersionDate "2021.08.30"]
[SourceQuality "2"]

1. d4 f5 2. c4 d6 3. Nf3 g6 4. g3 Bg7 5. Bg2 Nh6 6. Nc3 Nf7 7. e4 Nc6 8. Be3
O-O 9. Qd2 e5 10. d5 f4 11. dxc6 fxe3 12. Qxe3 bxc6 13. O-O Bg4 14. Nd2 Qd7 15.
f3 Bh3 16. Rad1 Bxg2 17. Kxg2 Rab8 18. b3 a5 19. c5 d5 20. Nc4 d4 21. Qd2 Bh6
22. Qd3 Ng5 23. Na4 Qh3+ 24. Kg1 Rbe8 25. Rde1 Qh5 26. Kg2 1/2-1/2

[Event "Northumbria Masters Open"]
[Site "Newcastle"]
[Date "2021.08.27"]
[Round "3.17"]
[White "Smith, Andrew Philip"]
[Black "Jukes, Sam"]
[Result "1-0"]
[WhiteElo "2144"]
[BlackElo "1846"]
[PlyCount "85"]
[EventDate "2021.08.26"]
[EventType "swiss"]
[EventRounds "9"]
[EventCountry "ENG"]
[SourceTitle "The Week in Chess 1399"]
[Source "Mark Crowther"]
[SourceDate "2021.08.30"]
[SourceVersion "1"]
[SourceVersionDate "2021.08.30"]
[SourceQuality "2"]

1. Nf3 Nf6 2. b3 g6 3. Bb2 Bg7 4. c4 c5 5. g3 O-O 6. Bg2 Nc6 7. O-O d6 8. d4
cxd4 9. Nxd4 Bd7 10. Nc2 Qc7 11. Nc3 a6 12. Ne3 Be6 13. Rc1 Qd7 14. Re1 Bh3 15.
Bh1 Rad8 16. Qd2 Ne5 17. Ncd5 Nxd5 18. Nxd5 Rfe8 19. Red1 Ng4 20. Bxg7 Kxg7 21.
Nf4 Nf6 22. Bxb7 Qxb7 23. Nxh3 e5 24. Ng5 e4 25. Qd4 Qe7 26. Nh3 Kg8 27. Nf4 h5
28. Rc3 h4 29. gxh4 Ng4 30. Ng2 f5 31. Rg3 Kh7 32. h3 Ne5 33. Kh2 Rf8 34. h5 f4
35. hxg6+ Kh6 36. Nxf4 Rxf4 37. Qe3 Qh4 38. g7 Kh7 39. Rxd6 Rg8 40. Kg2 Nf7 41.
Rxa6 Ng5 42. Ra7 Rxg7 43. Rxg7+ 1-0

[Event "Northumbria Masters Open"]
[Site "Newcastle"]
[Date "2021.08.27"]
[Round "3.18"]
[White "Merriman, James"]
[Black "Brown, Thomas"]
[Result "0-1"]
[WhiteElo "1837"]
[BlackElo "2129"]
[PlyCount "48"]
[EventDate "2021.08.26"]
[EventType "swiss"]
[EventRounds "9"]
[EventCountry "ENG"]
[SourceTitle "The Week in Chess 1399"]
[Source "Mark Crowther"]
[SourceDate "2021.08.30"]
[SourceVersion "1"]
[SourceVersionDate "2021.08.30"]
[SourceQuality "2"]

1. d4 d5 2. c4 e6 3. Nc3 Nf6 4. cxd5 exd5 5. Bg5 c6 6. e3 Bd6 7. Bd3 h6 8. Bh4
O-O 9. Qc2 Re8 10. Nge2 a5 11. h3 Na6 12. a3 Nc7 13. O-O Ne6 14. Rab1 Ng5 15.
f4 Nge4 16. Bxe4 dxe4 17. Bxf6 Qxf6 18. b4 Qg6 19. Kh1 axb4 20. axb4 Be6 21. b5
Bc4 22. Qd2 Bc7 23. bxc6 bxc6 24. Rfc1 Ra3 0-1

[Event "Northumbria Masters Open"]
[Site "Newcastle"]
[Date "2021.08.27"]
[Round "3.19"]
[White "Lim, Mark"]
[Black "Birtwistle, Nigel"]
[Result "0-1"]
[WhiteElo "1779"]
[BlackElo "2123"]
[PlyCount "64"]
[EventDate "2021.08.26"]
[EventType "swiss"]
[EventRounds "9"]
[EventCountry "ENG"]
[SourceTitle "The Week in Chess 1399"]
[Source "Mark Crowther"]
[SourceDate "2021.08.30"]
[SourceVersion "1"]
[SourceVersionDate "2021.08.30"]
[SourceQuality "2"]

1. d4 Nf6 2. c4 c5 3. d5 b5 4. Nf3 g6 5. Qc2 b4 6. a3 a5 7. axb4 cxb4 8. e4 d6
9. e5 dxe5 10. Nxe5 Bg7 11. Qa4+ Nbd7 12. Nc6 Qc7 13. Nxb4 O-O 14. Nc6 Nb6 15.
Qb3 e6 16. Be3 Nbxd5 17. cxd5 Nxd5 18. Bb5 Nxe3 19. fxe3 Bb7 20. O-O Bxc6 21.
Rc1 Bd5 22. Rxc7 Bxb3 23. Nc3 Be5 24. Rd7 Rfd8 25. Rxd8+ Rxd8 26. Rxa5 Rd2 27.
Ne4 Rxb2 28. g3 Bd5 29. Ng5 Bc7 30. Ra7 Bb6 31. Rxf7 Bxe3+ 32. Kf1 Rxb5 0-1

[Event "Northumbria Masters Open"]
[Site "Newcastle"]
[Date "2021.08.27"]
[Round "3.20"]
[White "Hutchinson, Paul A"]
[Black "Sheikh, Anum"]
[Result "1-0"]
[WhiteElo "2120"]
[BlackElo "1837"]
[PlyCount "131"]
[EventDate "2021.08.26"]
[EventType "swiss"]
[EventRounds "9"]
[EventCountry "ENG"]
[SourceTitle "The Week in Chess 1399"]
[Source "Mark Crowther"]
[SourceDate "2021.08.30"]
[SourceVersion "1"]
[SourceVersionDate "2021.08.30"]
[SourceQuality "2"]

1. d4 d5 2. Nf3 Nf6 3. Bf4 c5 4. e3 Nc6 5. Nbd2 c4 6. Be2 Bf5 7. O-O e6 8. Ne5
Nxe5 9. dxe5 Nd7 10. e4 Bg6 11. exd5 exd5 12. Nf3 Nc5 13. Bg5 Qd7 14. Nh4 Ne6
15. Bg4 Bc5 16. Qd2 O-O 17. Nxg6 hxg6 18. Rad1 d4 19. Qe2 b5 20. b3 Qc7 21. Bh4
Bb6 22. Bxe6 fxe6 23. Qe4 Kh7 24. Kh1 Rac8 25. Bg5 Rf5 26. Qh4+ Kg8 27. f4 cxb3
28. cxb3 Qc2 29. Qf2 Qxf2 30. Rxf2 Rf7 31. g4 Rc6 32. Kg2 d3 33. Rfd2 Rc2 34.
Kf3 Rxd2 35. Rxd2 Rd7 36. f5 gxf5 37. gxf5 Kf7 38. fxe6+ Kxe6 39. Bf4 g5 40.
Bxg5 Kxe5 41. Bf4+ Kf5 42. Rg2 a6 43. Bd2 Rh7 44. Bf4 Rd7 45. a4 bxa4 46. bxa4
a5 47. Rg5+ Kf6 48. Bd2 Rd4 49. Rb5 Rd6 50. h4 Kg6 51. h5+ Kh7 52. h6 Kg6 53.
Ke4 Bd8 54. Rd5 Rxd5 55. Kxd5 Bg5 56. Bxg5 Kxg5 57. h7 d2 58. h8=Q d1=Q+ 59.
Qd4 Qf3+ 60. Kc5 Qf8+ 61. Kb5 Qe8+ 62. Kxa5 Qa8+ 63. Kb4 Qb8+ 64. Kc4 Kf5 65.
a5 Qa8 66. Qd5+ 1-0

[Event "Northumbria Masters Open"]
[Site "Newcastle"]
[Date "2021.08.27"]
[Round "3.21"]
[White "Greatorex, Roger"]
[Black "Modi, Shyam Jagdish"]
[Result "0-1"]
[WhiteElo "1747"]
[BlackElo "2118"]
[PlyCount "98"]
[EventDate "2021.08.26"]
[EventType "swiss"]
[EventRounds "9"]
[EventCountry "ENG"]
[SourceTitle "The Week in Chess 1399"]
[Source "Mark Crowther"]
[SourceDate "2021.08.30"]
[SourceVersion "1"]
[SourceVersionDate "2021.08.30"]
[SourceQuality "2"]

1. e4 c5 2. Nf3 e6 3. Nc3 Nc6 4. Bb5 Nd4 5. Bc4 Ne7 6. O-O Nec6 7. a3 Be7 8.
Ba2 O-O 9. d3 b6 10. Nxd4 Nxd4 11. Ne2 Nxe2+ 12. Qxe2 d5 13. f4 dxe4 14. dxe4
Qd4+ 15. Qe3 Bb7 16. f5 e5 17. Qxd4 cxd4 18. Re1 Rac8 19. Bb3 Rfd8 20. Bd2 d3
21. c3 Bc5+ 22. Kf1 g6 23. fxg6 hxg6 24. Bd1 Kg7 25. b4 Bd6 26. Bf3 Rh8 27. Kg1
f5 28. a4 Rc4 29. g3 fxe4 30. Bg2 Rf8 31. a5 b5 32. a6 Bc6 33. Bh3 Re8 34. Bg2
Bc7 35. Rad1 Bb6+ 36. Be3 Rb8 37. h4 Rxc3 38. Bxb6 Rxb6 39. Bxe4 Bxe4 40. Rxe4
Re6 41. Kf2 Kf6 42. g4 Rxa6 43. Ke3 Raa3 44. g5+ Ke6 45. Rd2 Kd5 46. Rg4 Rc4
47. Rgg2 Re4+ 48. Kf3 Rxh4 49. Kg3 Rxb4 0-1

[Event "Northumbria Masters Open"]
[Site "Newcastle"]
[Date "2021.08.27"]
[Round "3.22"]
[White "Verma, Shlok"]
[Black "Yoon, Jacob D"]
[Result "1/2-1/2"]
[WhiteElo "1724"]
[BlackElo "2116"]
[PlyCount "178"]
[EventDate "2021.08.26"]
[EventType "swiss"]
[EventRounds "9"]
[EventCountry "ENG"]
[SourceTitle "The Week in Chess 1399"]
[Source "Mark Crowther"]
[SourceDate "2021.08.30"]
[SourceVersion "1"]
[SourceVersionDate "2021.08.30"]
[SourceQuality "2"]

1. d4 d5 2. c4 e6 3. Nf3 c6 4. Nc3 dxc4 5. a4 Bb4 6. e3 b5 7. Bd2 a5 8. Ne5 Bb7
9. Qf3 Qc7 10. Ne4 Bxd2+ 11. Kxd2 Nf6 12. Nxf6+ gxf6 13. Qxf6 Rf8 14. Be2 Qe7
15. Qxe7+ Kxe7 16. Ra2 Rg8 17. Rha1 f6 18. Nf3 Rxg2 19. axb5 cxb5 20. Rxa5 Rxa5
21. Rxa5 Bxf3 22. Bxf3 Rxf2+ 23. Be2 b4 24. Rc5 c3+ 25. bxc3 bxc3+ 26. Rxc3
Rxh2 27. Rc5 Nd7 28. Rc7 Kd6 29. Ra7 f5 30. Ke1 Nf8 31. Bf3 Nd7 32. e4 fxe4 33.
Bxe4 Nf6 34. Ra6+ Ke7 35. Ra7+ Kf8 36. Ra8+ Kg7 37. Ra7+ Kh6 38. Ra6 Rh4 39.
Bc2 Rxd4 40. Rxe6 Kg5 41. Re5+ Kg4 42. Ke2 h5 43. Ke3 Rd6 44. Bf5+ Kg3 45. Re6
Nd5+ 46. Ke4 Nc3+ 47. Ke3 Nd1+ 48. Ke2 Rd8 49. Rc6 Nf2 50. Rc3+ Kg2 51. Rc8 Rd4
52. Rh8 Rh4 53. Bg6 Ne4 54. Bxh5 Ng3+ 55. Ke3 Nxh5 56. Rg8+ Ng3 57. Re8 Rh1 58.
Kd2 Rf1 59. Rg8 Rf3 60. Re8 Kf2 61. Re7 Nf1+ 62. Kc2 Ne3+ 63. Kb2 Ke2 64. Rc7
Rf8 65. Rh7 Kd2 66. Rd7+ Ke2 67. Re7 Rd8 68. Rh7 Kd3 69. Rh3 Rb8+ 70. Ka2 Rb7
71. Rg3 Kd4 72. Rh3 Nf5 73. Rh5 Rb5 74. Rh3 Kc4 75. Ka1 Nd4 76. Rh4 Rb3 77. Ka2
Rg3 78. Rh8 Rg2+ 79. Kb1 Nc6 80. Rh4+ Nd4 81. Rh8 Nb5 82. Rb8 Na3+ 83. Ka1 Nc2+
84. Kb1 Na3+ 85. Ka1 Nc2+ 86. Kb1 Kc3 87. Rc8+ Kb3 88. Rb8+ Nb4 89. Kc1 Ka2
1/2-1/2

[Event "Northumbria Masters Open"]
[Site "Newcastle"]
[Date "2021.08.28"]
[Round "4.1"]
[White "Dong Bao Nghia"]
[Black "Clarke, Brandon G I"]
[Result "1/2-1/2"]
[WhiteElo "2227"]
[BlackElo "2429"]
[PlyCount "69"]
[EventDate "2021.08.26"]
[EventType "swiss"]
[EventRounds "9"]
[EventCountry "ENG"]
[SourceTitle "The Week in Chess 1399"]
[Source "Mark Crowther"]
[SourceDate "2021.08.30"]
[SourceVersion "1"]
[SourceVersionDate "2021.08.30"]
[SourceQuality "2"]

1. d4 Nf6 2. c4 g6 3. Nc3 d5 4. cxd5 Nxd5 5. g3 Bg7 6. Bg2 Nb6 7. Nf3 O-O 8.
O-O Nc6 9. e3 Re8 10. h3 e5 11. d5 Nb4 12. e4 c6 13. a3 Na6 14. Bg5 Bf6 15. Be3
Nc4 16. Bh6 Nc7 17. Qb3 cxd5 18. Nxd5 Nxd5 19. exd5 Nd6 20. Be3 b6 21. Nd2 Ba6
22. Rfc1 e4 23. Rc6 Bd3 24. g4 Be5 25. f3 Qh4 26. fxe4 Bxe4 27. Bf2 Bh2+ 28.
Kxh2 Qxf2 29. Nxe4 Nxe4 30. Rf1 Qd4 31. d6 Qe5+ 32. Kg1 Qd4+ 33. Kh2 Qe5+ 34.
Kg1 Qd4+ 35. Kh2 1/2-1/2

[Event "Northumbria Masters Open"]
[Site "Newcastle"]
[Date "2021.08.28"]
[Round "4.2"]
[White "Sowray, Peter John"]
[Black "Wells, Peter K"]
[Result "1/2-1/2"]
[WhiteElo "2196"]
[BlackElo "2381"]
[PlyCount "114"]
[EventDate "2021.08.26"]
[EventType "swiss"]
[EventRounds "9"]
[EventCountry "ENG"]
[SourceTitle "The Week in Chess 1399"]
[Source "Mark Crowther"]
[SourceDate "2021.08.30"]
[SourceVersion "1"]
[SourceVersionDate "2021.08.30"]
[SourceQuality "2"]

1. d4 Nf6 2. c4 e6 3. Nc3 Bb4 4. e3 O-O 5. Nf3 d5 6. Bd2 b6 7. cxd5 exd5 8. Rc1
a6 9. Bd3 Re8 10. Ne5 Bd6 11. f4 c5 12. O-O Bb7 13. Be1 cxd4 14. exd4 Nc6 15.
Ne2 Rc8 16. Bc3 b5 17. a3 Qb6 18. Kh1 a5 19. Nxc6 Rxc6 20. b4 a4 21. Bb2 Rxc1
22. Qxc1 Bc8 23. f5 Qb8 24. g3 h6 25. Nf4 Bd7 26. Qd1 Qc8 27. Qf3 Bxf5 28. Nxd5
Bxd3 29. Nxf6+ gxf6 30. Qxd3 Qh3 31. Kg1 h5 32. Qf3 Qg4 33. Qxf6 Qg6 34. Qxg6+
fxg6 35. Rf6 Bf8 36. d5 Re2 37. Rf2 Re1+ 38. Rf1 Re3 39. Rd1 Bd6 40. Bc1 Rb3
41. Kf2 Kf7 42. Ke2 h4 43. Rf1+ Ke8 44. Rf6 hxg3 45. hxg3 Bxg3 46. Rxg6 Kd7 47.
Rb6 Rb1 48. Rc6 Be5 49. Kd3 Rb3+ 50. Ke4 Bd6 51. Rc2 Rh3 52. Rf2 Rh4+ 53. Bf4
Bc7 54. Kf5 Rh5+ 55. Ke4 Rh4 56. Kf5 Rh5+ 57. Ke4 Rh4 1/2-1/2

[Event "Northumbria Masters Open"]
[Site "Newcastle"]
[Date "2021.08.28"]
[Round "4.3"]
[White "Boswell, Jacob Connor"]
[Black "Basman, Michael J"]
[Result "1/2-1/2"]
[WhiteElo "2012"]
[BlackElo "2289"]
[PlyCount "74"]
[EventDate "2021.08.26"]
[EventType "swiss"]
[EventRounds "9"]
[EventCountry "ENG"]
[SourceTitle "The Week in Chess 1399"]
[Source "Mark Crowther"]
[SourceDate "2021.08.30"]
[SourceVersion "1"]
[SourceVersionDate "2021.08.30"]
[SourceQuality "2"]

1. d4 b5 2. e4 a6 3. Be3 Bb7 4. Nd2 Nf6 5. f3 e6 6. a4 b4 7. Bd3 d5 8. c4 c5 9.
exd5 exd5 10. Ne2 Nbd7 11. O-O Bd6 12. Bf4 Bxf4 13. Nxf4 O-O 14. Nxd5 Bxd5 15.
cxd5 Nxd5 16. Re1 cxd4 17. Nb3 N7f6 18. Nxd4 Qb6 19. Kh1 Rad8 20. a5 Qd6 21.
Nf5 Qc5 22. Qc1 Qxc1 23. Raxc1 g6 24. Ng3 Rd6 25. Bf1 Rfd8 26. Rcd1 Nf4 27.
Rxd6 Rxd6 28. Kg1 Rc6 29. Ne2 Re6 30. g3 Nd3 31. Rd1 Nxb2 32. Rb1 Nd3 33. Nd4
Rd6 34. Bxd3 Rxd4 35. Bxa6 Rd5 36. Rxb4 Rxa5 37. Bc4 Ra7 1/2-1/2

[Event "Northumbria Masters Open"]
[Site "Newcastle"]
[Date "2021.08.28"]
[Round "4.4"]
[White "Gormally, Daniel W"]
[Black "Sedykh, Mikhail"]
[Result "1-0"]
[WhiteElo "2479"]
[BlackElo "2124"]
[PlyCount "53"]
[EventDate "2021.08.26"]
[EventType "swiss"]
[EventRounds "9"]
[EventCountry "ENG"]
[SourceTitle "The Week in Chess 1399"]
[Source "Mark Crowther"]
[SourceDate "2021.08.30"]
[SourceVersion "1"]
[SourceVersionDate "2021.08.30"]
[SourceQuality "2"]

1. e4 e6 2. d4 d5 3. Nd2 dxe4 4. Nxe4 Nd7 5. Nf3 Ngf6 6. Nxf6+ Nxf6 7. g3 b6 8.
Ne5 Bb7 9. Bb5+ c6 10. Be2 Bd6 11. O-O O-O 12. Bf3 Qc7 13. Nc4 Ba6 14. Nxd6
Bxf1 15. Bf4 Bh3 16. c4 Rad8 17. Nf5 e5 18. Bxe5 Qd7 19. g4 Qe6 20. Qc1 h6 21.
Nxh6+ Kh7 22. Qg5 Nh5 23. Be4+ f5 24. Nxf5 g6 25. Qh6+ Kg8 26. gxh5 Rd7 27.
hxg6 1-0

[Event "Northumbria Masters Open"]
[Site "Newcastle"]
[Date "2021.08.28"]
[Round "4.5"]
[White "Olson, Hamish"]
[Black "Kett, Timothy"]
[Result "1-0"]
[WhiteElo "2246"]
[BlackElo "2167"]
[PlyCount "51"]
[EventDate "2021.08.26"]
[EventType "swiss"]
[EventRounds "9"]
[EventCountry "ENG"]
[SourceTitle "The Week in Chess 1399"]
[Source "Mark Crowther"]
[SourceDate "2021.08.30"]
[SourceVersion "1"]
[SourceVersionDate "2021.08.30"]
[SourceQuality "2"]

1. d4 Nf6 2. Nf3 g6 3. g3 Bg7 4. Bg2 O-O 5. O-O d6 6. a4 Nbd7 7. Nbd2 c5 8. c3
Qc7 9. e4 cxd4 10. cxd4 b6 11. Re1 e5 12. dxe5 dxe5 13. b4 Bb7 14. Ba3 Rac8 15.
Bf1 Rfd8 16. Rc1 Qd6 17. Rxc8 Rxc8 18. Qb3 h6 19. a5 Bf8 20. Bc4 Qe7 21. Re3
Ba8 22. Rc3 Kg7 23. Qc2 Nxe4 24. Nxe4 Bxe4 25. Qxe4 b5 26. Bxf7 1-0

[Event "Northumbria Masters Open"]
[Site "Newcastle"]
[Date "2021.08.28"]
[Round "4.6"]
[White "Merriman, John"]
[Black "Villiers, Thomas"]
[Result "1/2-1/2"]
[WhiteElo "2245"]
[BlackElo "2165"]
[PlyCount "45"]
[EventDate "2021.08.26"]
[EventType "swiss"]
[EventRounds "9"]
[EventCountry "ENG"]
[SourceTitle "The Week in Chess 1399"]
[Source "Mark Crowther"]
[SourceDate "2021.08.30"]
[SourceVersion "1"]
[SourceVersionDate "2021.08.30"]
[SourceQuality "2"]

1. d4 d6 2. c4 e5 3. d5 f5 4. e4 fxe4 5. Nc3 Nf6 6. Nge2 Bf5 7. Ng3 Bg6 8. Bg5
Be7 9. h4 h6 10. Bxf6 Bxf6 11. h5 Bh7 12. Ngxe4 Nd7 13. Bd3 O-O 14. Qc2 Kh8 15.
O-O-O Qe7 16. Kb1 a6 17. f3 Bg5 18. Rhe1 Rae8 19. Re2 Rf4 20. Rf1 Ref8 21. Ref2
Rh4 22. g4 Rh3 23. Qe2 1/2-1/2

[Event "Northumbria Masters Open"]
[Site "Newcastle"]
[Date "2021.08.28"]
[Round "4.7"]
[White "Petrov, Marian"]
[Black "Hutchinson, Paul A"]
[Result "1-0"]
[WhiteElo "2457"]
[BlackElo "2120"]
[PlyCount "95"]
[EventDate "2021.08.26"]
[EventType "swiss"]
[EventRounds "9"]
[EventCountry "ENG"]
[SourceTitle "The Week in Chess 1399"]
[Source "Mark Crowther"]
[SourceDate "2021.08.30"]
[SourceVersion "1"]
[SourceVersionDate "2021.08.30"]
[SourceQuality "2"]

1. e4 d5 2. exd5 Qxd5 3. Nc3 Qa5 4. d4 Nf6 5. Nf3 c6 6. Bc4 Bf5 7. Ne5 e6 8. g4
Be4 9. O-O Bd5 10. Bd3 Nbd7 11. Nxd5 Qxd5 12. Bc4 Qd6 13. f4 Nd5 14. Bb3 Qc7
15. c4 N5b6 16. Qf3 Be7 17. c5 Nd5 18. Bxd5 exd5 19. g5 Nxe5 20. fxe5 O-O 21.
Bd2 Qd7 22. b4 Qe6 23. Qh5 b6 24. Rab1 Rfb8 25. Rb3 g6 26. Qh4 h5 27. Rbf3 Rf8
28. Qh3 Qxh3 29. Rxh3 a5 30. cxb6 axb4 31. Rc1 Rac8 32. Rb3 c5 33. a4 c4 34.
Rxb4 Bxb4 35. Bxb4 Rfd8 36. a5 Ra8 37. Rb1 Ra6 38. Bd6 Rxa5 39. b7 Ra2 40. b8=Q
Rxb8 41. Rxb8+ Kg7 42. Be7 f5 43. gxf6+ Kf7 44. Rb6 Re2 45. Kf1 Re4 46. Bb4 g5
47. Rb7+ Ke6 48. Bd2 1-0